| 000 | 00620nam a2200217Ia 4500 | ||
|---|---|---|---|
| 005 | 20260429111938.0 | ||
| 008 | 260429s9999||||xx |||||||||||||| ||und|| | ||
| 020 | _a9789395431484 | ||
| 041 | _aEnglish | ||
| 082 |
_a338.4791 _bMEH |
||
| 100 | _aMehta, Neeta | ||
| 245 | 0 |
_aTourism and society : _bcross-cultural perspectives / _cNeeta Mehta |
|
| 250 | _a1st ed. | ||
| 260 |
_aNew Delhi : _bVenus Books, Publishers & Distributors, _c2023. |
||
| 300 | _axii, 298 p.; hb | ||
| 650 | _a Cross-cultural studies | ||
| 650 | _a Cultural tourism | ||
| 650 | _a Society | ||
| 650 | _aTourism sociology | ||
| 942 | _cTB | ||
| 999 |
_c51555 _d51555 |
||